On the safe side (Record no. 84746)

MARC details
000 -LEADER
fixed length control field 00563cab a22001935a 4500
001 - CONTROL NUMBER
control field L158951
008 - FIXED-LENGTH DATA ELEMENTS--GENERAL INFORMATION
fixed length control field 150526e2015 xxk 000 0 eng d
035 ## - SYSTEM CONTROL NUMBER
System control number (Sirsi) u158951
041 0# - LANGUAGE CODE
Language code of text/sound track or separate title eng
100 1# - MAIN ENTRY--PERSONAL NAME
Personal name Thomas, Paul
245 00 - TITLE STATEMENT
Title On the safe side
490 ## - SERIES STATEMENT
Series statement Construction Journal
Volume/sequential designation November/December 2015, 6-8 (3)
520 ## - SUMMARY, ETC.
Summary, etc. Explains important changes to the Construction (Design and Management) Regulations.
650 24 - SUBJECT ADDED ENTRY--TOPICAL TERM
Topical term or geographic name entry element CDM 2015
650 24 - SUBJECT ADDED ENTRY--TOPICAL TERM
Topical term or geographic name entry element PRINCIPAL DESIGNER
651 #4 - SUBJECT ADDED ENTRY--GEOGRAPHIC NAME
Geographic name United Kingdom
Chronological subdivision
690 ## - LOCAL SUBJECT ADDED ENTRY--TOPICAL TERM (OCLC, RLIN)
Topical term or geographic name as entry element Health and safety
9 (RLIN) 6244
942 ## - ADDED ENTRY ELEMENTS (KOHA)
Suppress in OPAC 0
Holdings
Withdrawn status Lost status Source of classification or shelving scheme Damaged status Not for loan Home library Current library Shelving location Date acquired Total Checkouts Full call number Barcode Date last seen Copy number Price effective from Koha item type
    Dewey Decimal Classification     London London Journal article 22/10/2015   L158951 158951-1001 06/08/2019 1 06/08/2019 Journal article
    Dewey Decimal Classification     Virtual Virtual Journal article 22/10/2015   L158951 158951-2001 06/08/2019 1 06/08/2019 Journal article